Una aproximación a los determinantes y características principales de la pobreza en Costa Rica /
El objetivo del presente estudio es la identificación de las variables más importantes en la caracterización y explicación del fenómeno de la pobreza en Costa Rica. Para ello se definen y estiman una serie de modelos del tipo Logit- Probit, cuya principal característica es que la variable a explicar...
Guardado en:
| Autor principal: | |
|---|---|
| Otros Autores: | |
| Formato: | Texto |
| Materias: | |
| Etiquetas: |
Agregar Etiqueta
Sin Etiquetas, Sea el primero en etiquetar este registro!
|
MARC
| LEADER | 00000 a a2200000 04500 | ||
|---|---|---|---|
| 001 | 43643 | ||
| 003 | |||
| 040 | |||
| 100 | |a Sauma Fiatt, Pablo | ||
| 245 | |a Una aproximación a los determinantes y características principales de la pobreza en Costa Rica / |c Pablo Sauma Fiatt ; Alexander Hoffmaister A. | ||
| 520 | |a El objetivo del presente estudio es la identificación de las variables más importantes en la caracterización y explicación del fenómeno de la pobreza en Costa Rica. Para ello se definen y estiman una serie de modelos del tipo Logit- Probit, cuya principal característica es que la variable a explicar o endógena es discreta binaria. En este caso la variable endógena es la condición de pobreza, la cual asume el valor 0 cuando se trata de familias no pobres, 1 cuando se trata de familias pobres. | ||
| 590 | |a RRA/OCTUBRE2012 | ||
| 650 | |a 1.POBREZA | ||
| 650 | |a 2.ANALISIS ESTADISTICO | ||
| 650 | |a 3.CONDICIONES SOCIALES | ||
| 650 | |a 4.MEDICION | ||
| 650 | |a 5.COSTA RICA | ||
| 700 | |a Hoffmaister A., Alexander | ||
| 773 | |g páginas 173-203 : tablas | ||
| 999 | |c 33629 |d 33629 | ||
